00498cam a2200181 a 45000010009000000050017000090080041000260100017000670200028000840400018001120410008001300800019001380820023001571000007001801010008001872450055001955040066002501210591420180228092452.0000714s2001 maua b 001 0 eng  a 00059417  a0205309240 (alk. paper) aDLCcDLCdDLC aeng a428/.0071 COL00a428/.0071 COL2211 a42 aART10aTeaching the language arts :cCathy Collins Block. aIncludes bibliographical references (p. 643-661) and indexes.